| 000 | 01293nam a2200241 a 4500 | ||
|---|---|---|---|
| 005 | 20260316201015.0 | ||
| 008 | 990616s2026 ck gr 000 fdspa d | ||
| 015 | _ack-1999-xxxx | ||
| 020 | _a9798264334368 | ||
| 040 |
_aCO-CtgCURN _bspa _ccoctgcurn |
||
| 082 | 0 | 4 |
_a158.1 _bV297 _223 |
| 100 | 1 | _aVargas Zárate, Iridiana. | |
| 245 | 1 | 4 |
_aLos matices del fracaso : _bun testimonio íntimo sobre como reconstruirse sin rendirse / _cIris Vargas. |
| 260 |
_aOntario : _bAmazon, _c2026. |
||
| 300 |
_a119 paginas. ; _c24 cm. |
||
| 520 | 8 | _a"Migrante colombiana en Canadá comparte un testimonio íntimo y poderoso sobre perserverancia, autocompasión y el arte de reconectar contigo misma cuando todo parece roto. A través de historias reales, nos recuerda que la vida no siempre se trata de ganar o perder, sino de aprender a sostener el paraguas hasta que la tormenta pase...porque incluso tras la más larga, siempre llega el arcoiris. Este no es solo un libro: es un mapa para caminar con fe, agradecer en medio de la incertidumbre y descubrir la fuerza de empezar de nuevo, una y otra vez"" | |
| 596 | _a7 16 | ||
| 650 | 1 | 4 | _aCalidad de vida. |
| 650 | 0 | _aFracaso (Psicología) | |
| 650 | 0 | _aAutorrealización. | |
| 650 | 0 | _aDesarrollo personal. | |
| 999 |
_c50369 _d50369 |
||